|
|
|
|
| LEADER |
00000nam0a2200000 4500 |
| 001 |
217915 |
| 005 |
20231031194652.0 |
| 010 |
|
|
|b 3000 экз.
|
| 035 |
|
|
|a (RuTPU)RU\TPU\book\237919
|
| 090 |
|
|
|a 217915
|
| 100 |
|
|
|a 20120609d1978 m y0rusy50 ca
|
| 101 |
0 |
|
|a rus
|
| 102 |
|
|
|a RU
|
| 105 |
|
|
|a a z 000gy
|
| 200 |
1 |
|
|a Волга, слава тебе!
|e [стихи]
|f сост. В. Гришин ; худож. В. Митченко
|
| 210 |
|
|
|a Саратов
|c Приволжское книжное издательство
|d 1978
|
| 215 |
|
|
|a 166 с.
|c ил.
|d 11 см.
|
| 300 |
|
|
|a В суперобложке.
|
| 330 |
|
|
|a Лучшие произведения фольклора, русской и советской классики о р. Волге.
|
| 610 |
1 |
|
|a русская литература
|
| 610 |
1 |
|
|a поэзия
|
| 610 |
1 |
|
|a стихи
|
| 610 |
1 |
|
|a русский фольклор
|
| 610 |
1 |
|
|a советская литература
|
| 610 |
1 |
|
|a миниатюрные издания
|
| 686 |
|
|
|a Ч611.68
|v LBC/SL-A
|2 rubbk
|
| 702 |
|
1 |
|a Гришин
|b В.
|4 220
|
| 702 |
|
1 |
|a Митченко
|b В.
|4 440
|
| 801 |
|
1 |
|a RU
|b 63413507
|c 20120609
|
| 801 |
|
2 |
|a RU
|b 63413507
|c 20120609
|g RCR
|
| 942 |
|
|
|c BK
|